Villes côtières en PACA (mort subite) - Statistiques

Statistiques générales
  • Ce quiz a été pris 200 fois
  • Le résultat moyen est 9 sur 13
Answers on the Grid
Answers color-coded by a green-red scale on the quiz's grid according to % correct below.
Aix-en-Provence
Arles
Avignon
Bandol
Cannes
Cassis
Draguignan
Fréjus
Gap
Grasse
Hyères
La Ciotat
Marignane
Marseille
Menton
Nice
Saint-Tropez
Salon-de-Provence
Six-Fours-les-Plages
Toulon
 
Statistiques - réponses
Réponse % Correct
Cannes
86%
Fréjus
85%
Nice
77%
Cassis
76%
La Ciotat
76%
Saint-Tropez
75%
Marseille
74%
Toulon
74%
Hyères
71%
Menton
70%
Six-Fours-les-Plages
64%
Bandol
61%
Arles
25%
Aucun quiz correspondant
Distribution des résultats
% des personnes avec chaque résultat
Percentile par nombre de réponses
Votre historique - résultats
Vous n’avez pas pris ce quiz